Těžká koruna /
Když Sebastian Gallo zahlédl, jak ji ten chlap cpe do kufru, nemohl tomu uvěřit. Byla to Jelena Jenina, jediná dcera nejkrutějšího šéfa Bratvy v Chicagu. Bratva nenávidí celou Sebastianovu rodinu a jeho strýčka dokonce upálili zaživa.Měl Jelenu ponechat jejímu osudu, ale ona bojovala jako Valkýra –...
Uloženo v:
| Série: | Podsvětí Chicaga,
část 6 |
|---|---|
| Hlavní autor: | |
| Médium: | E-kniha |
| Jazyk: | Czech |
| Vydáno: |
Praha :
Knihy Dobrovský,
2026
|
| Příbuzné jednotky: | Z cyklu::
Podsvětí Chicaga |
| Tagy: |
Žádné tagy |
| LEADER | 01918nam a22002417i 4500 | ||
|---|---|---|---|
| 001 | 297718 | ||
| 007 | ta | ||
| 008 | 260423s2026 xr ||||| |||| 00| 0 cze d | ||
| 020 | |a 9788027743629 | ||
| 044 | |a xr | ||
| 100 | 1 | |a Lark, Sophie |4 aut | |
| 245 | 1 | 0 | |a Těžká koruna / |c Lark, Sophie |
| 264 | 1 | |a Praha : |b Knihy Dobrovský, |c 2026 | |
| 300 | |a 1 online zdroj (288 stran) | ||
| 336 | |a text |b txt |2 rdacontent | ||
| 337 | |a bez média |b n |2 rdamedia | ||
| 338 | |a online zdroj |b cr |2 rdacarrier | ||
| 520 | 2 | |a Když Sebastian Gallo zahlédl, jak ji ten chlap cpe do kufru, nemohl tomu uvěřit. Byla to Jelena Jenina, jediná dcera nejkrutějšího šéfa Bratvy v Chicagu. Bratva nenávidí celou Sebastianovu rodinu a jeho strýčka dokonce upálili zaživa.Měl Jelenu ponechat jejímu osudu, ale ona bojovala jako Valkýra – nádherná, divoká a nezlomná. Sebastian ji musel zachránit. A poté, co to mezi nimi velmi silně zajiskřilo, je mu jasné, že si ji musí také podmanit.Jelena je odhodlaná nepodrobit se žádnému muži. Na druhou stranu ji už ale nebaví být pěšákem v otcově hře. Zatímco jejich rodiny vedou nelítostný boj po celém městě, hýbou figurkami na šachovnici a přísahají si pomstu, Sebastian se rozhodne, že bude zápasit o její srdce a svobodu – ať to stojí, co to stojí.Ví, že jsou si souzeni.A aby to dokázal, dotlačí ji až na hranici možností. | |
| 787 | 0 | 8 | |g 6 |i Z cyklu: |t Podsvětí Chicaga |
| 910 | |a RBIT002 | ||
| 998 | |d 426319 |a https://core.palmknihy.cz/api/books/426319/cover?tdvtrr |b https://core.palmknihy.cz/api/books/426319/cover/400?tdvtrr |c https://core.palmknihy.cz/api/books/426319/cover/50?tdvtrr |e |g 288 |i 9788027743629 |j https://core.palmknihy.cz/api/books/426319/preview.epub |k https://core.palmknihy.cz/api/books/426319/preview.pdf |l |q 49 |r 1 |s https://www.palmknihy.cz/kniha/426319 |t ebook |y 2026 |z 1 |v Podsvětí Chicaga |w 6 | ||
| 999 | |d 297716 | ||